书目信息 |
| 题名: |
中国传统文化与传统建筑
|
|
| 作者: | 夏文杰 著 | |
| 分册: | ||
| 出版信息: | 北京 北京工业大学出版社 2016.12 |
|
| 页数: | 199页 | |
| 开本: | 27cm | |
| 丛书名: | ||
| 单 册: | ||
| 中图分类: | TU-092.2 | |
| 科图分类: | ||
| 主题词: | 古建筑--建筑文化--研究--中国 | |
| 电子资源: | ||
| ISBN: | 978-7-5639-5139-0 | |
| 000 | 00791nam0 2200217 450 | |
| 001 | 3710 | |
| 005 | 20181009093943.32 | |
| 010 | @a978-7-5639-5139-0@dCNY43.00 | |
| 100 | @a20171018d2016 em y0chiy50 ea | |
| 101 | 0 | @achi |
| 102 | @aCN@b110000 | |
| 105 | @ay z 000yy | |
| 200 | 1 | @a中国传统文化与传统建筑@9zhong guo chuan tong wen hua yu chuan tong jian zhu@f夏文杰著 |
| 210 | @a北京@c北京工业大学出版社@d2016.12 | |
| 215 | @a199页@d27cm | |
| 330 | @a本书共十章,内容包括:传统文化审美与传统建筑浅析、传统建筑的派系和风格浅析、中国宗教与传统建筑浅析、中国政治与传统建筑浅析、文学艺术与传统建筑浅析等。 | |
| 606 | 0 | @a古建筑@x建筑文化@x研究@y中国 |
| 690 | @aTU-092.2@v5 | |
| 701 | 0 | @a夏文杰@9xia wen jie@c(建筑)@4著 |
| 801 | 0 | @aCN@b91MARC@c20171018 |
| 905 | @aMuseLib@dTU-092.2@e201 | |
| 中国传统文化与传统建筑/夏文杰著.-北京:北京工业大学出版社,2016.12 |
| 199页;27cm |
| ISBN 978-7-5639-5139-0:CNY43.00 |
| 本书共十章,内容包括:传统文化审美与传统建筑浅析、传统建筑的派系和风格浅析、中国宗教与传统建筑浅析、中国政治与传统建筑浅析、文学艺术与传统建筑浅析等。 |
| ● |
| 相关链接 |
|
|
|
|
正题名:中国传统文化与传统建筑
索取号:TU-092.2/201
 
预约/预借
| 序号 | 登录号 | 条形码 | 馆藏地/架位号 | 状态 | 备注 |
| 1 | 1123342 | 211233422 | 第二样本阅览室/ [索取号:TU-092.2/201] | 在馆 | |
| 2 | 1123343 | 211233431 | 密集书库-资源管理系/ [索取号:TU-092.2/201] | 在馆 | |
| 3 | 1123344 | 211233440 | 第三借阅区/ [索取号:TU-092.2/201] | 在馆 | |
| 4 | 1123345 | 211233459 | 第三借阅区/ [索取号:TU-092.2/201] | 在馆 | |
| 5 | 1123346 | 211233468 | 第三借阅区/ [索取号:TU-092.2/201] | 在馆 |